000 00550nam a2200181 i 4500
001 79259
003 ES-MaACL
005 20250311121845.0
007 t|
008 041020s1919 fr ||||1| fre d
100 1 _aHennequin, Emile.
_962554
245 1 0 _aManuel de transport commerciause et de douane /
_cEmile Hennequin ; preface de Ed. Herriot.
260 _aParis :
_b[s.n.],
_c1919 (
_fVannes Lafolya)
300 _a656 p. ;
_c25 cm.
700 0 _aHerriot, Edouard,
_d1872-1957
_963370
852 _aES-MaACL
_jF-9385
999 _c79259
_d79259